000 01085cad a22002175a 4500
001 E150388
008 100707s2008 xxk f 000 0 eng d
035 _a(Sirsi) u150388
041 0 _aeng
100 1 _aSharapov, Kiril
245 0 0 _aGetting in getting on in construction
_bexperiences of women and men studying construction in Scotland
_h[electronic resource]
260 _aEdinburgh
_bNapier University
_c2008
520 _aLooks at the factors which affect the progression of built environment graduates into employment in the Scottish construction industry. Examines why students chose construction; whether they felt prepared for their first job; and whether there are any issues which particularly affect female graduates.
590 _aKA
651 4 _aScotland
_y1999-
690 _aCAREERS, EDUCATION AND TRAINING
690 _aBUILT ENVIRONMENT
700 1 _aTizard, Jenny
856 4 0 _uhttps://www.napier.ac.uk/randkt/rktcentres/src/publicationsandresearch/Documents/FinalReportWeb.pdf
_zView the report free of charge (PDF file) at www.napier.ac.uk
942 _n0
999 _c110851
_d110851